Tuyển Tập Nguyễn Quang Sáng

保存先:
書誌詳細
第一著者: NGUYỄN QUANG SÁNG
フォーマット: 図書
言語:Undetermined
出版事項: Tp HCM Văn Nghệ 2002
主題:
タグ: タグ追加
タグなし, このレコードへの初めてのタグを付けませんか!
Thư viện lưu trữ: Trung tâm Học liệu Trường Đại học Cần Thơ
LEADER 00513nam a2200169Ia 4500
001 CTU_50208
008 210402s9999 xx 000 0 und d
082 |a 895.9223008 
082 |b S106 
100 |a NGUYỄN QUANG SÁNG 
245 0 |a Tuyển Tập Nguyễn Quang Sáng 
245 0 |c NGUYỄN QUANG SÁNG 
260 |a Tp HCM 
260 |b Văn Nghệ 
260 |c 2002 
650 |a vietnamese literature - 20th century - collections 
980 |a Trung tâm Học liệu Trường Đại học Cần Thơ